000 00910cam a22002891 4500
001 2144
003 BD-RjUL
005 20211208233506.0
008 131210r19661934nyu b 000 0 eng
035 _a(BD-RjUL)2171
035 _a(OCoLC)350080
040 _aDLC
_cOClU
_dOCoLC
_dDLC
_dBD-RjUL
_beng
041 _aeng
082 0 4 _219
_a330.954
_bBUD 1966
100 1 _aBuchanan, Daniel Houston.
_97031
245 1 4 _aThe development of capitalistic enterprise in India /
_cDaniel Houston Buchanan.
260 _aNew York :
_bFrank Cass,
_c1934 [Impression1966].
300 _aix, 497 p ;
_c24 cm.
500 _aFirst published in 1934.
504 _aBibliographical footnotes.
650 0 _aIndustries
_zIndia
_96641
651 0 _aIndia
_xEconomic conditions
_y1918-1945
_97033
942 _2ddc
_cBK
_01
999 _c2144
_d2144